Bedihošť /
| Hlavní autor: | Mlčoch, Jan, 1953- |
|---|---|
| Další autoři: | Hudeček, Jan |
| Jazyk: | Čeština |
| Vydáno: |
Prostějov, 1926 |
| Fyzický popis: |
204 s., příl. |
|
| LEADER | 00562nam a22001932a 4500 | ||
|---|---|---|---|
| 001 | 000448024 | ||
| 003 | CZ BrMZK | ||
| 005 | 19990305143423.0 | ||
| 007 | ta | ||
| 008 | 990305s1926 xr f cze d | ||
| 040 | |a BOA001 |b cze | ||
| 100 | 1 | |a Mlčoch, Jan, |d 1953- |7 jn20000728423 | |
| 245 | 1 | 0 | |a Bedihošť / |c Jan Mlčoch, Jan Hudeček. |
| 260 | |a Prostějov, |c 1926 | ||
| 300 | |a 204 s., příl. | ||
| 700 | 1 | |a Hudeček, Jan | |
| 910 | |a BOA001 |b 3-0237.963 | ||
| 990 | |a BK | ||
| 996 | 7 | |b 2619748295 |c 3-0237.963 |l MZK |r Sklad / do 1 hodiny |n 17 |w 000448024 |u 000010 |a 1 |e BOA001 |j MZK50 |s A | |
English
Čeština 